000 00620nam a2200253Ia 4500
005 20260121161114.0
008 008 260114s9999 xx 000 0 eng d
020 _a9780429182761
037 _aEBOOK
040 _aCRL
040 _beng
040 _cCRL
041 _2eng
041 _aeng
084 _qCRL
100 _a Karl E. Peace
_91040266
245 0 _aBiopharmaceutical Sequential Statistical Applications
260 _bTaylor and Francis
260 _c1992
856 _uhttp://www.taylorfrancis.com/books/9780429182761
942 _cEBOOK
999 _c1607082
_d1607082